000 01371nam a2200349 a 4500
100 _aБраун, Сандра
_d1948-
_gАмериканска писателка
_eпърви автор
_9241650
999 _c74142
_d74142
003 BLK
005 20250707094716.0
008 180408b bul|||||r ||||||| ||bul||
010 _aKNG00078541000
020 _a978-954-9625-05-9
040 _aBLK
041 _aBUL
_cBUL
080 _aАмериканска литература (на САЩ)
_b821.111(73)
_x-31
_z821.111(73)-31
139 _aБраун, Сандра
_bБ 78
245 1 0 _aСделка за милиони
_bРоман
_cСандра Браун; прев. от англ. Диана Христова Райкова.
257 _aUSA
260 _aСофия
_bЕргон
_c2007
300 _a392 с.
_c20 см
380 _aX
490 _aБиблиотека Любов и Съдба
_9201120
500 _aОриг. загл. Play Dirty / Sandra Brown.
653 _aромани
700 1 _aРайкова, Диана Христова
_eпрев. от англ.
_9368973
852 _aЦб 236329
856 4 _qpdf
_i0.00
_ldisable
856 4 _qpdf
_i0.00
_ldisable
942 _cKNG
_n0
_057
_s1
944 _aCR
_c23.10.2007
_lВиолета Тройчева
_k30552
944 _aED
_c05.02.2016
_lф /
_kЛюдмила_Стоянова
999 _d74142